University Home | Library Home | Institutional Repository

Man in evolutionary perspective (Record no. 93733)

MARC details
000 -LEADER
fixed length control field 00766cam3a220024100 4500
001 - CONTROL NUMBER
control field lce00772247
008 - FIXED-LENGTH DATA ELEMENTS--GENERAL INFORMATION
fixed length control field 730102s1973 nyua b 001 0 eng
010 ## - LIBRARY OF CONGRESS CONTROL NUMBER
LC control number 72014184 //r87
020 ## - INTERNATIONAL STANDARD BOOK NUMBER
International Standard Book Number 0471094196
-- 047109420X (pbk.)
035 ## - SYSTEM CONTROL NUMBER
System control number (Sirsi) r41258
035 ## - SYSTEM CONTROL NUMBER
System control number (DLC) 72014184 //r87
035 ## - SYSTEM CONTROL NUMBER
System control number (UPRA)lce00772247
050 0# - LIBRARY OF CONGRESS CALL NUMBER
Classification number GN60
Item number .B73 1973
082 ## - DEWEY DECIMAL CLASSIFICATION NUMBER
Classification number 573/.08
100 1# - MAIN ENTRY--PERSONAL NAME
Personal name Brace, C. Loring.
Linkage A101825.1
245 10 - TITLE STATEMENT
Title Man in evolutionary perspective
Statement of responsibility, etc. [compiled by] C. Loring Brace [and] James Metress.
260 ## - PUBLICATION, DISTRIBUTION, ETC.
Place of publication, distribution, etc. New York,
Name of publisher, distributor, etc. Wiley
Date of publication, distribution, etc. [1973]
504 ## - BIBLIOGRAPHY, ETC. NOTE
Bibliography, etc. note Includes bibliographies.
650 #0 - SUBJECT ADDED ENTRY--TOPICAL TERM
Topical term or geographic name entry element Physical anthropology.
Linkage S215.1
700 1# - ADDED ENTRY--PERSONAL NAME
Personal name Metress, Seamus P.
Linkage A101826.1
949 ## - LOCAL PROCESSING INFORMATION (OCLC)
a GN60
w lcc
i -50198
m MAIN
t BOOK
l ON-SHELF

No items available.

© 2026 - The University of Zambia Library - Koha v25.11